| 000 | 01228nam a22002775a 4500 | ||
|---|---|---|---|
| 003 | OSt | ||
| 005 | 20170118112454.0 | ||
| 008 | 161221s2016 ua frb 000 0 ara d | ||
| 015 | _a2015/17218 | ||
| 020 | _a9789779034355 | ||
| 040 |
_aEG-ScBUE _bara _cEG-ScBUE |
||
| 043 |
_af-ua--- _ae-fr--- |
||
| 082 | 0 | 4 |
_a345.02323 _bس ل ا _222 |
| 100 | 1 | _aسلام، أحمد رشاد. | |
| 245 | 1 | 0 |
_aاتفاقية الأمم المتحدة لمكافحة الفساد في ضوء أحكام القانون الدولي الخاص المصري / _cأحمد رشاد سلام. |
| 260 |
_a[د. م. : _bد. ن.]، _c2016 _e(الهرم : _fدار أبو المجد للطباعة) |
||
| 300 |
_a212 ص. ؛ _c24 سم. |
||
| 504 | _aيشتمل على إرجاعات ببليوجرافية. | ||
| 630 | 7 |
_aاتفاقية الأمم المتحدة لمكافحة الفساد _d(2003) _2BUEsh _940876 |
|
| 650 | 7 |
_aمكافحة الفساد _xقوانين وتشريعات _zمصر. _2BUEsh |
|
| 650 | 7 |
_aمكافحة الفساد _xقوانين وتشريعات _zفرنسا. _2BUEsh |
|
| 650 | 7 |
_aمكافحة الفساد (قانون دولي) _vمعاهدات. _2BUEsh |
|
| 651 | _2BUEsh | ||
| 653 |
_bLLAAWW _cDecember2016 |
||
| 942 | _2ddc | ||
| 999 |
_c23671 _d23643 |
||